| 000 | 00910nac a22002771u 4500 | ||
|---|---|---|---|
| 003 | EG-ScBUE | ||
| 005 | 20220223120453.0 | ||
| 008 | 200219s2005 enka f 000 0 eng d | ||
| 020 | _a0753711214 | ||
| 020 | _a9780753711217 | ||
| 040 |
_aEG-ScBUE _beng _cEG-ScBUE _erda _dEG-ScBUE |
||
| 082 | 0 | 4 |
_a839.8136 _bAND _222 |
| 100 | 1 |
_aAndersen, H. C. _q(Hans Christian), _d1805-1875, _eauthor. |
|
| 245 | 1 | 4 | _aThe complete illustrated works of Hans Christian Andersen. |
| 250 | _aReprint edition. | ||
| 264 | 1 |
_aLondon : _bBounty Books, _c2005. |
|
| 300 |
_a948 pages : _billustrations ; _c24 cm |
||
| 336 |
_2rdacontent _atext _btxt |
||
| 337 |
_2rdamedia _aunmediated _bn |
||
| 338 |
_2rdacarrier _avolume _bnc |
||
| 650 | 7 |
_aChildren's stories, Danish _xTranslations into English. _2BUEsh _940119 |
|
| 651 | _2BUEsh | ||
| 653 |
_bHHUUEENN _cFebruary2022 |
||
| 655 |
_vReading book _934232 |
||
| 942 |
_cBB _2ddc |
||
| 999 |
_c9389 _d9389 |
||